Flags of countries that begins with 'D' - Statistics

General Stats
  • This quiz has been taken 39 times
  • The average score is 5 of 5
Answer Stats
Picture Answer % Correct
Denmark
100%
Dominican Republic
100%
Dominica
97%
Djibouti
95%
Democratic Republic of the Congo
92%
No matching quizzes found
Score Distribution
Percent of People with Each Score
Percentile by Number Answered
Your Score History
You have not taken this quiz